Lógica y epistemología para un pensamiento científico /
Guardado en:
| Autor Principal: | |
|---|---|
| Formato: | Libro |
| Publicado: |
Buenos Aires :
Kapelusz
|
| Series: | Biblioteca del Polimodal
|
| Materias: | |
| Etiquetas: |
Agregar Etiqueta
Sin Etiquetas, Sea el primero en etiquetar este registro!
|
| LEADER | 01131nam a22002655a 4500 | ||
|---|---|---|---|
| 001 | CEM.cems011138 | ||
| 005 | 20071120155556.0 | ||
| 008 | 130507b######################000#0#####d | ||
| 003 | CEMS | ||
| 020 | |a 9501324478 | ||
| 082 | 0 | 4 | |a 160 |
| 100 | 1 | |a Obiols, Guillermo A. | |
| 245 | 1 | 0 | |a Lógica y epistemología para un pensamiento científico / |c Guillermo A. Obiols |
| 260 | |a Buenos Aires : |b Kapelusz | ||
| 300 | |a 150 p. | ||
| 490 | 0 | |a Biblioteca del Polimodal | |
| 505 | 0 | |a El lenguaje nociones de semiótica -- Elementos de lógica: términos, proposiciones y razonamientos -- Lógica proposicional -- Lógica de predicados -- Epistemología. Estructura y metodología de las ciencias -- Epistemología. Ciencias y sociedad | |
| 653 | |a Lógica | ||
| 653 | |a Epistemología | ||
| 653 | |a Pensamiento científico | ||
| 653 | |a Método científico | ||
| 859 | |a CEMS |b BIB. CEMS - 11 de abril |h 160 |i Ob3-3 |p 21983.03 |t Ej.1 | ||
| 859 | |a CEMS |b BIB. CEMS - 11 de abril |h 160 |i Ob3-3 |p 21984.03 |t Ej.2 | ||
| 859 | |a CEMS |b BIB. CEMS - 11 de abril |h 160 |i Ob3-3 |p 21995.03 |t Ej.3 | ||
| 859 | |a CEMS |b BIB. CEMS - 11 de abril |h 160 |i Ob3-3 |p 22943.05 |t Ej.4 | ||
